La participación y organización de la comunidad para el desarrollo social : (Registro nro. 4824)
[ vista simple ]
| 000 -LEADER | |
|---|---|
| fixed length control field | 01253nam a2200229Ia 4500 |
| 003 - CONTROL NUMBER IDENTIFIER | |
| control field | OSt |
| 005 - DATE AND TIME OF LATEST TRANSACTION | |
| control field | 20200416155542.0 |
| 008 - FIXED-LENGTH DATA ELEMENTS--GENERAL INFORMATION | |
| fixed length control field | 191128s1990 ck gr 000 0 spa d |
| 040 ## - CATALOGING SOURCE | |
| Original cataloging agency | CO-JMCR |
| Transcribing agency | CO-JMCR |
| 041 0# - LANGUAGE CODE | |
| Language code of text/sound track or separate title | spa |
| 082 04 - DEWEY DECIMAL CLASSIFICATION NUMBER | |
| Classification number | 303.44 / |
| Item number | P933p |
| 111 0# - MAIN ENTRY--MEETING NAME | |
| Meeting name or jurisdiction name as entry element | Encuentro |
| 9 (RLIN) | 3150 |
| 245 03 - TITLE STATEMENT | |
| Title | La participación y organización de la comunidad para el desarrollo social : |
| Remainder of title | encuentro del sector público sobre organización y participación comunitaria / |
| Statement of responsibility, etc. | Encuentro |
| 260 ## - PUBLICATION, DISTRIBUTION, ETC. | |
| Place of publication, distribution, etc. | Bogotá : |
| Name of publisher, distributor, etc. | Consejería para el Desarrollo Social, |
| Date of publication, distribution, etc. | 1990 |
| 300 ## - PHYSICAL DESCRIPTION | |
| Extent | 196 páginas ; |
| Dimensions | 21 cm. |
| 505 ## - FORMATTED CONTENTS NOTE | |
| Formatted contents note | Presentación del encuentro -- Discurso de instalación -- Participación comunitaria en el Plan Nacional de Rehabilitación -- Organización y participación comunitaria en el plan de desarrollo integral campesino |
| 520 ## - SUMMARY, ETC. | |
| Summary, etc. | Está obra recoge tanto los resultados de este primer encuentro, como los importantes aportes de las entidades participantes; convirtiéndose así en documento fundamental de consulta para todos aquellos interesados en conocer y analizar. |
| 650 14 - SUBJECT ADDED ENTRY--TOPICAL TERM | |
| Topical term or geographic name entry element | Participación social |
| Geographic subdivision | Colombia |
| 9 (RLIN) | 3151 |
| 650 24 - SUBJECT ADDED ENTRY--TOPICAL TERM | |
| Topical term or geographic name entry element | Congresos |
| General subdivision | conferencias |
| Geographic subdivision | Colombia |
| 9 (RLIN) | 3152 |
| 650 24 - SUBJECT ADDED ENTRY--TOPICAL TERM | |
| Topical term or geographic name entry element | Desarrollo comunitario |
| Geographic subdivision | Colombia |
| 9 (RLIN) | 3153 |
| 942 ## - ADDED ENTRY ELEMENTS (KOHA) | |
| Source of classification or shelving scheme | Dewey Decimal Classification |
| Koha item type | Books |
| Withdrawn status | Lost status | Source of classification or shelving scheme | Materials specified (bound volume or other part) | Damaged status | Not for loan | Home library | Current library | Shelving location | Date acquired | Source of acquisition | Cost, normal purchase price | Total Checkouts | Full call number | Barcode | Date last seen | Copy number | Price effective from | Koha item type |
|---|---|---|---|---|---|---|---|---|---|---|---|---|---|---|---|---|---|---|
| Dewey Decimal Classification | Donación--15/04/2018-- | Biblioteca Pública José María del Castillo y Rada | Biblioteca Pública José María del Castillo y Rada | General Stacks | 11/28/2019 | Donación | 0.00 | 303.44 / P933p | 430000622 | 05/16/2024 | Ej.1 | 11/28/2019 | Books |